000 00323nam a2200133 a 4500
001 5232
003 CDMR
005 20130116135306.0
008 130130s1999||||||||||||||||||||||||||||d
040 _aCDMR
_bcat
_cCPC GIRONA
245 0 _aMemòria del curs acadèmic 1998-99
260 _c1999
_bUniversitat de Girona
942 _cMON
999 _c5232
_d5232